[Event "Women's Speed Chess Q4"]
[Site "chess.com INT"]
[Date "2020.06.21"]
[Round "4"]
[White "Tokhirjonova, Gulrukhbegim"]
[Black "Skuhala, Barbara"]
[Result "0-1"]
[WhiteTitle "WGM"]
[BlackTitle "WFM"]
[WhiteElo "2378"]
[BlackElo "2095"]
[WhiteFideId "14203626"]
[BlackFideId "14605465"]
[EventDate "2020.06.21"]

1. e4 c5 2. Nf3 Nc6 3. Bb5 d6 4. d4 cxd4 5. Nxd4 Bd7 6. Bxc6 bxc6 7. c4 Nf6 8.
Nc3 e5 9. Nde2 Be7 10. O-O O-O 11. f3 Be6 12. b3 d5 13. cxd5 cxd5 14. exd5 Nxd5
15. Nxd5 Bxd5 16. Be3 Be6 17. Nc3 Qxd1 18. Rfxd1 a6 19. Na4 Rad8 20. Bb6 Rxd1+
21. Rxd1 f6 22. Kf2 Rb8 23. Bc5 Kf7 24. Rd2 Rb5 25. Bxe7 Kxe7 26. Rc2 Bd7 27.
Rc7 Rd5 28. Ke3 f5 29. g3 g5 30. Nb6 Rd1 31. Nc4 Ke6 32. Ra7 Bb5 33. Rxh7 Bxc4
34. bxc4 f4+ 35. gxf4 gxf4+ 36. Ke2 Rc1 37. Rh6+ Kf5 38. Rh5+ Kf6 39. Kd3 Rd1+
40. Kc3 Rf1 41. Rh3 Rc1+ 42. Kb4 Rb1+ 43. Kc5 Rb2 44. a4 Rb3 45. Kd5 Rd3+ 46.
Kc6 e4 47. Rh4 Kg5 48. Rg4+ Kf5 49. Rg8 exf3 50. Rg1 Ke4 51. h4 f2 52. Rf1 Kf3
53. Kb7 Rc3 54. h5 Rxc4 55. h6 Rb4+ 56. Kc7 Rc4+ 57. Kd7 Rd4+ 58. Ke7 Rb4 59. h7
Rb8 60. Kd7 Kg2 61. Rb1 Rh8 62. Kc6 Rxh7 63. Kb6 Rh6+ 64. Ka5 f1=Q 65. Rxf1 0-1

[Event "Women's Speed Chess Q4"]
[Site "chess.com INT"]
[Date "2020.06.21"]
[Round "4"]
[White "Hryzlova, Sofiia"]
[Black "Chen, Yining"]
[Result "1-0"]
[BlackTitle "WCM"]
[WhiteElo "1940"]
[BlackElo "1745"]
[WhiteFideId "14174669"]
[BlackFideId "8620946"]
[EventDate "2020.06.21"]

1. c4 Nf6 2. Nc3 e5 3. Nf3 Nc6 4. e4 Bc5 5. Nxe5 Nxe5 6. d4 Bxd4 7. Qxd4 d6 8.
h3 Bd7 9. Be3 Qe7 10. Be2 h6 11. a3 a5 12. O-O O-O 13. f4 Ng6 14. Nd5 Nxd5 15.
cxd5 f5 16. Bh5 Nh8 17. e5 Be8 18. Bxe8 Rfxe8 19. e6 c5 20. Qd3 Qf6 21. Rab1 Ng6
22. Rf3 Ne7 23. Rg3 Rec8 24. b4 axb4 25. axb4 c4 26. Bd4 Qf8 27. Qf3 g6 28. h4
Kh7 29. h5 Qe8 30. hxg6+ Nxg6 31. Qh5 c3 32. Rc1 c2 33. Qxf5 Ra2 34. Qd3 Ra7 35.
f5 Ne5 36. Bxe5 dxe5 37. f6+ Kh8 38. f7 Qe7 39. Qg6 Raa8 40. Qg7# 1-0

[Event "Women's Speed Chess Q4"]
[Site "chess.com INT"]
[Date "2020.06.21"]
[Round "4"]
[White "Kiseleva, Arina"]
[Black "Ouellet, Maili-Jade"]
[Result "0-1"]
[WhiteTitle "WCM"]
[BlackTitle "WGM"]
[WhiteElo "2024"]
[BlackElo "2257"]
[WhiteFideId "4164989"]
[BlackFideId "2620472"]
[EventDate "2020.06.21"]

1. d4 Nf6 2. Nf3 d5 3. e3 c5 4. Bd3 Nc6 5. O-O Bg4 6. c3 e6 7. h3 Bh5 8. Nbd2
Be7 9. Qe2 O-O 10. dxc5 Bxc5 11. e4 Qc7 12. Re1 Ne5 13. exd5 Nxd3 14. Qxd3 Nxd5
15. Ne4 Bb6 16. Nd4 Rad8 17. Bg5 Rd7 18. Nb5 Qc6 19. c4 Nb4 20. Qb3 Nd3 21. Ng3
Nxe1 22. Rxe1 Bg6 23. Be3 Rd3 24. Qb4 Bxe3 25. fxe3 a6 26. Nd4 Qc7 27. Nf1 Rd8
28. b3 e5 29. Nf3 Be4 30. N1h2 b6 31. Qa3 a5 32. Qb2 Qc5 33. Qxe5 Rxe3 34. Qxc5
Rxe1+ 35. Nxe1 bxc5 36. Nhf3 Bb1 37. Kf2 Bxa2 38. Ne5 Bxb3 39. N1d3 Bxc4 40.
Nxc4 Rxd3 41. Nxa5 Ra3 42. Nc4 Ra4 43. Nb6 Rb4 44. Nd5 Rb3 45. Ke2 f6 46. g4 Kf7
47. h4 Ke6 48. Nf4+ Ke5 49. Nd3+ Kd4 50. Nf4 Rb2+ 51. Kf3 c4 52. Ne6+ Ke5 53.
Nxg7 c3 54. Nf5 c2 0-1

[Event "Women's Speed Chess Q4"]
[Site "chess.com INT"]
[Date "2020.06.21"]
[Round "4"]
[White "Zhukova, Natalia"]
[Black "Nurmanova, Alua"]
[Result "1-0"]
[WhiteTitle "GM"]
[BlackTitle "WFM"]
[WhiteElo "2328"]
[BlackElo "2026"]
[WhiteFideId "14101513"]
[BlackFideId "13729390"]
[EventDate "2020.06.21"]

1. c4 Nf6 2. Nc3 g6 3. e4 d6 4. d4 Bg7 5. f4 c5 6. d5 e6 7. dxe6 Bxe6 8. Nf3 Nc6
9. Bd3 O-O 10. f5 Bd7 11. O-O Re8 12. Bg5 h6 13. e5 Nxe5 14. Nxe5 hxg5 15. Nxd7
Qxd7 16. fxg6 fxg6 17. Bxg6 Re5 18. Nd5 Nxd5 19. Bf7+ Qxf7 20. Rxf7 Kxf7 21.
cxd5 Rae8 22. Qh5+ Kg8 23. Rf1 Rf8 24. Rxf8+ Kxf8 25. Qg4 Ke7 26. Qc8 Kf6 27.
Qd8+ Kf5 28. Qxd6 Re2 29. Kf1 Rxb2 30. Qe6+ Kf4 31. Qf7+ Ke3 32. Qf3+ Kd2 33. g3
Bd4 34. d6 Rb1+ 35. Kg2 Rg1+ 36. Kh3 Re1 37. d7 Re7 38. d8=Q Rh7+ 39. Kg2 g4 40.
Qxg4 1-0

[Event "Women's Speed Chess Q4"]
[Site "chess.com INT"]
[Date "2020.06.21"]
[Round "4"]
[White "Frattini, Beatriz Maria"]
[Black "Chitlange, Sakshi"]
[Result "0-1"]
[WhiteTitle "WCM"]
[BlackTitle "WIM"]
[WhiteElo "1868"]
[BlackElo "2167"]
[WhiteFideId "22715002"]
[BlackFideId "35002899"]
[EventDate "2020.06.21"]

1. e4 c6 2. d4 d5 3. e5 c5 4. dxc5 e6 5. Be3 Nd7 6. Bb5 Qa5+ 7. Nc3 a6 8. Bxd7+
Bxd7 9. a3 Qc7 10. b4 Qxe5 11. Qd2 Ne7 12. Nf3 Qc7 13. Bf4 Qc8 14. Ne5 Nf5 15.
Nxd7 Qxd7 16. O-O Be7 17. Ne2 Bf6 18. Rad1 Qc6 19. Ng3 Nxg3 20. Bxg3 O-O 21.
Rfe1 b6 22. Bd6 Rfd8 23. Qf4 bxc5 24. bxc5 Rd7 25. Rb1 Rb7 26. c4 d4 27. h3 h6
28. Qd2 Rd8 29. Qd3 Rdd7 30. Rxb7 Rxb7 31. Rb1 e5 32. f3 Rxb1+ 33. Qxb1 Qa4 34.
Qd3 g6 35. f4 exf4 36. Bxf4 Qc6 37. Bd6 Kg7 38. Kh2 h5 39. Kg1 Qb7 40. Qg3 Qb1+
41. Kh2 h4 42. Qf4 g5 43. Qg4 Qb7 44. Bf4 Qe4 45. Bxg5 Qxg4 46. Bxf6+ Kxf6 47.
hxg4 d3 48. c6 Ke6 49. Kg1 d2 50. c7 d1=Q+ 51. Kh2 Qd6+ 0-1

[Event "Women's Speed Chess Q4"]
[Site "chess.com INT"]
[Date "2020.06.21"]
[Round "4"]
[White "Daulyte-Cornette, Deimante"]
[Black "Sviridova, Vlada"]
[Result "1-0"]
[WhiteTitle "IM"]
[BlackTitle "WFM"]
[WhiteElo "2400"]
[BlackElo "2144"]
[WhiteFideId "12802859"]
[BlackFideId "24109606"]
[EventDate "2020.06.21"]

1. e4 e6 2. d4 d5 3. Nc3 Nf6 4. Bg5 Bb4 5. e5 h6 6. Bc1 Ne4 7. Qg4 g6 8. a3
Bxc3+ 9. bxc3 c5 10. Bd3 Nxc3 11. dxc5 Nc6 12. Bd2 d4 13. Nf3 Qd5 14. Qf4 Qxc5
15. Qf6 Rg8 16. O-O Nd5 17. Qh4 h5 18. Rfe1 a6 19. Re4 Bd7 20. Rae1 Qxa3 21.
Nxd4 Nce7 22. Bf1 O-O-O 23. c4 Nf5 24. Qg5 Nde7 25. Nf3 Kb8 26. Rb1 Bc6 27. Bb4
Qa2 28. Ree1 Rd7 29. Bd6+ Nxd6 30. exd6 Nf5 31. Ne5 Rxd6 32. Nxf7 Rd2 33. Ne5
Rc8 34. Nxc6+ Rxc6 35. Qf4+ Rc7 36. Rb6 Kc8 37. Rbxe6 Rcd7 38. Re8+ Rd8 39. R8e5
R2d7 40. Rc5+ 1-0

[Event "Women's Speed Chess Q4"]
[Site "chess.com INT"]
[Date "2020.06.21"]
[Round "4"]
[White "Foisor, Sabina-Francesca"]
[Black "Papp, Petra"]
[Result "0-1"]
[WhiteTitle "WGM"]
[BlackTitle "WGM"]
[WhiteElo "2228"]
[BlackElo "2338"]
[WhiteFideId "1212915"]
[BlackFideId "739049"]
[EventDate "2020.06.21"]

1. d4 Nf6 2. c4 g6 3. Nf3 Bg7 4. g3 O-O 5. Bg2 d6 6. O-O Nc6 7. Nc3 e5 8. d5 Nb8
9. Qc2 a5 10. b3 Na6 11. a3 Nd7 12. e4 h6 13. Rb1 Qe8 14. b4 axb4 15. axb4 f5
16. Ne1 f4 17. gxf4 exf4 18. Ne2 g5 19. f3 Ne5 20. Nd3 Bd7 21. Nxe5 Bxe5 22. Bd2
Qh5 23. Bc3 g4 24. Bxe5 dxe5 25. Qc3 Kh7 26. c5 Bb5 27. Rfe1 Rg8 28. Kh1 Rae8
29. Ng1 Nb8 30. d6 c6 31. Ra1 Ba6 32. Ra2 Nd7 33. fxg4 Qxg4 34. Qh3 Qg7 35. Bf3
Bc4 36. Rg2 Qf7 37. Bg4 Be6 38. Bxe6 Qxe6 39. Qxe6 Rxe6 40. Rxg8 Kxg8 41. Nf3
Kf7 42. Ra1 Re8 43. Ra7 Rb8 44. Nd2 Ke6 45. Nc4 Nf6 46. Na5 Nxe4 47. Rxb7 Rg8
48. Nxc6 Nf2# 0-1

[Event "Women's Speed Chess Q4"]
[Site "chess.com INT"]
[Date "2020.06.21"]
[Round "4"]
[White "Kiolbasa, Oliwia"]
[Black "Maltsevskaya, Aleksandra"]
[Result "0-1"]
[WhiteTitle "WIM"]
[BlackTitle "WGM"]
[WhiteElo "2160"]
[BlackElo "2272"]
[WhiteFideId "1154613"]
[BlackFideId "24174041"]
[EventDate "2020.06.21"]

1. e4 c5 2. Nf3 e6 3. d4 cxd4 4. Nxd4 Nf6 5. Nc3 Nc6 6. Be3 Bb4 7. Nxc6 bxc6 8.
Bd3 d5 9. exd5 exd5 10. Bd2 O-O 11. O-O Bg4 12. Qc1 Nd7 13. h3 Be6 14. Qd1 Bd6
15. Qh5 g6 16. Qh6 Ne5 17. Rfe1 Nxd3 18. cxd3 Bf5 19. d4 Qf6 20. Na4 Rfe8 21.
Rac1 Be4 22. Nc5 Bf5 23. Nb3 Rac8 24. Re3 Be4 25. Nc5 Bf4 26. Nd7 Qf5 27. g4
Bxh6 28. gxf5 Bxe3 29. Nf6+ Kh8 30. Bxe3 Re7 31. fxg6 hxg6 32. Bf4 Kg7 33. Be5
Kh6 34. Bf4+ g5 35. Be5 Kg6 36. Nxe4 dxe4 37. Kf1 Re6 38. Ke2 f6 39. Bg3 f5 40.
Be5 f4 41. Rg1 Kf5 42. h4 g4 43. h5 c5 44. h6 cxd4 45. Rh1 Kxe5 46. h7 Ree8 47.
Rh5+ Kf6 0-1

[Event "Women's Speed Chess Q4"]
[Site "chess.com INT"]
[Date "2020.06.21"]
[Round "4"]
[White "Goryachkina, Aleksandra"]
[Black "Janzelj, Lara"]
[Result "1/2-1/2"]
[WhiteTitle "GM"]
[BlackTitle "WIM"]
[WhiteElo "2582"]
[BlackElo "2210"]
[WhiteFideId "4147103"]
[BlackFideId "14608391"]
[EventDate "2020.06.21"]

1. e4 d6 2. d4 Nf6 3. Nc3 e5 4. Nf3 Nbd7 5. Bc4 Be7 6. O-O O-O 7. a4 c6 8. Re1
a5 9. h3 Nb6 10. Ba2 Nfd7 11. Be3 exd4 12. Nxd4 Nc5 13. Qd2 Nbxa4 14. Nxa4 Nxa4
15. Bxf7+ Rxf7 16. Rxa4 Bd7 17. Ne2 b5 18. Raa1 Qc7 19. Bf4 Raf8 20. Qxa5 Qc8
21. Bg3 h5 22. h4 Bg4 23. Nd4 Bf6 24. c3 Be5 25. Qa6 Bxg3 26. fxg3 Qe8 27. Qxc6
Qe5 28. Re3 b4 29. Qd5 bxc3 30. bxc3 Qf6 31. Kh2 Qf2 32. Ree1 Kh8 33. Qxd6 Qd2
34. e5 Rf2 35. Rg1 Qxc3 36. Ne6 Bxe6 37. Qxe6 Re2 38. Qe7 Rf5 39. e6 Qe5 40.
Ra8+ Kh7 41. Qe8 Re3 42. Qg8+ Kh6 43. Qh8+ Kg6 44. Qe8+ Kh7 45. Qh8+ Kg6 46.
Qe8+ Kh7 1/2-1/2

[Event "Women's Speed Chess Q4"]
[Site "chess.com INT"]
[Date "2020.06.21"]
[Round "4"]
[White "Solozhenkina, Elizaveta"]
[Black "Gunina, Valentina"]
[Result "1-0"]
[WhiteTitle "WIM"]
[BlackTitle "GM"]
[WhiteElo "2301"]
[BlackElo "2431"]
[WhiteFideId "34106615"]
[BlackFideId "4167570"]
[EventDate "2020.06.21"]

1. e4 c6 2. d4 d5 3. e5 Bf5 4. Nf3 e6 5. Be2 Nd7 6. O-O h6 7. Nbd2 Ne7 8. Nb3
Qc7 9. Be3 g5 10. Rc1 Bg7 11. c4 dxc4 12. Bxc4 Nb6 13. Be2 Rd8 14. Nc5 g4 15.
Nd2 h5 16. Qb3 O-O 17. Nde4 Ned5 18. Bg5 Rb8 19. Qg3 Nd7 20. Qh4 Nxc5 21. Nxc5
f6 22. exf6 Nxf6 23. Bc4 Qf7 24. Bf4 Rbd8 25. Be5 Nd5 26. Qg5 b6 27. Nb3 Nf6 28.
f3 Nh7 29. Qe3 Qg6 30. fxg4 hxg4 31. Rce1 Bh6 32. Qg3 Ng5 33. Nd2 b5 34. Bb3
Nh3+ 35. gxh3 Bxd2 36. Re2 Bh6 37. Ref2 Kh7 38. hxg4 Bxg4 39. Rxf8 Rxf8 40. Rxf8
Bxf8 41. Qh4+ Bh5+ 42. Qg3 Qb1+ 43. Kg2 Qe4+ 44. Kg1 Bh6 45. h4 Be3+ 46. Kh2 Qd3
47. Qg7# 1-0

[Event "Women's Speed Chess Q4"]
[Site "chess.com INT"]
[Date "2020.06.21"]
[Round "4"]
[White "Dwilewicz, Katarzyna"]
[Black "Sedina, Elena"]
[Result "0-1"]
[WhiteTitle "WFM"]
[BlackTitle "IM"]
[WhiteElo "2120"]
[BlackElo "2299"]
[WhiteFideId "1148486"]
[BlackFideId "812153"]
[EventDate "2020.06.21"]

1. e4 e6 2. d4 d5 3. Nd2 c5 4. Ngf3 Nc6 5. exd5 exd5 6. Bb5 Bd6 7. dxc5 Bxc5 8.
O-O Ne7 9. Re1 O-O 10. Bd3 h6 11. h3 Nf5 12. Nb3 Bd6 13. c3 Bc7 14. Qc2 Qf6 15.
Bd2 Bb6 16. Re2 Ng3 17. Re3 Bxe3 18. Bxe3 Ne4 19. Bxe4 dxe4 20. Qxe4 Bf5 21. Qf4
g5 22. Qg3 Be4 23. Nfd2 Bg6 24. Nc5 Qe7 25. Re1 b6 26. Ncb3 Rfe8 27. f4 Qc7 28.
Rf1 Rad8 29. Qf3 Rd3 30. Nc4 b5 31. Nc1 bxc4 32. Nxd3 Bxd3 33. Re1 Qd7 34. fxg5
hxg5 35. Bf2 Rxe1+ 36. Bxe1 Qe6 37. Bd2 f6 38. Kh2 Kg7 39. g3 Kg6 40. Be3 a6 41.
g4 Qe4 42. Qf2 Ne5 43. h4 Nxg4+ 44. Kg1 Nxf2 45. Kxf2 gxh4 0-1

[Event "Women's Speed Chess Q4"]
[Site "chess.com INT"]
[Date "2020.06.21"]
[Round "4"]
[White "Kairbekova, Amina"]
[Black "Gevorgyan, Maria"]
[Result "1-0"]
[WhiteTitle "WFM"]
[BlackTitle "WGM"]
[WhiteElo "2065"]
[BlackElo "2228"]
[WhiteFideId "13712799"]
[BlackFideId "13300270"]
[EventDate "2020.06.21"]

1. e4 c5 2. Nc3 Nc6 3. Bb5 Nd4 4. Nf3 Nxb5 5. Nxb5 d6 6. d4 cxd4 7. Qxd4 a6 8.
Nc3 e5 9. Qb4 Nf6 10. Bg5 d5 11. Qb3 d4 12. Nd5 Qa5+ 13. Bd2 Qd8 14. Nb6 Rb8 15.
Nxe5 Be6 16. Qa4+ Nd7 17. Nbxd7 Bxd7 18. Qxd7+ Qxd7 19. Nxd7 Kxd7 20. O-O-O Ke6
21. f4 f6 22. f5+ Kf7 23. Bf4 Rd8 24. c3 Bc5 25. Rd3 Rhe8 26. Re1 dxc3 27. Rxc3
b6 28. a3 a5 29. Rc4 Rc8 30. Kb1 b5 31. Rc2 Bb6 32. Rd2 Rc4 33. Rd7+ Kg8 34. Rb7
Rc6 35. Bg3 b4 36. axb4 axb4 37. b3 Bd4 38. Rd1 Rxe4 39. Rxb4 Rb6 40. Rbxd4
Rxb3+ 41. Kc2 Rxd4 42. Rxd4 Ra3 43. Rd8+ Kf7 44. Rd7+ Kf8 45. Bd6+ Ke8 46. Re7+
Kd8 47. Bxa3 1-0

[Event "Women's Speed Chess Q4"]
[Site "chess.com INT"]
[Date "2020.06.21"]
[Round "4"]
[White "Vaishali, R"]
[Black "Padmini, Rout"]
[Result "1/2-1/2"]
[WhiteTitle "WGM"]
[BlackTitle "IM"]
[WhiteElo "2393"]
[BlackElo "2370"]
[WhiteFideId "5091756"]
[BlackFideId "5029295"]
[EventDate "2020.06.21"]

1. e4 e5 2. Nf3 Nc6 3. Bb5 a6 4. Ba4 Nf6 5. d3 b5 6. Bb3 Bc5 7. Nc3 Rb8 8. a3 d6
9. Nd5 h6 10. h3 Nxd5 11. Bxd5 Ne7 12. Bb3 Bb6 13. Qe2 Be6 14. Bxe6 fxe6 15. O-O
Ng6 16. g3 O-O 17. Kg2 Kh7 18. Ng5+ hxg5 19. Qh5+ Kg8 20. Qxg6 Qf6 21. Qxf6 gxf6
22. Be3 Kf7 23. c3 Ke7 24. Bxb6 Rxb6 25. f4 gxf4 26. gxf4 Rbb8 27. fxe5 dxe5 28.
Rf3 Rg8+ 29. Kf2 c5 30. Rh1 Rg6 31. h4 Rbg8 32. Rh2 Kf7 33. h5 Rh6 34. Rg3 Rgh8
35. Rgh3 f5 36. Kf3 Kf6 37. Rh1 R8h7 38. R3h2 Rd7 39. Ke2 Rg7 40. Kf3 Rg5 41. b4
cxb4 42. axb4 Rh7 43. exf5 exf5 44. Ra1 Rhxh5 45. Rxa6+ Ke7 46. Rxh5 Rxh5 47.
Rb6 Rh3+ 48. Ke2 Rh2+ 49. Kd1 Rh1+ 50. Kd2 Rh2+ 51. Ke3 Rh3+ 52. Ke2 Rh2+ 53.
Ke1 Rh1+ 54. Ke2 Rh2+ 1/2-1/2

[Event "Women's Speed Chess Q4"]
[Site "chess.com INT"]
[Date "2020.06.21"]
[Round "4"]
[White "Antolak, Julia"]
[Black "Bartel, Marta"]
[Result "1-0"]
[WhiteTitle "WIM"]
[BlackTitle "WGM"]
[WhiteElo "2323"]
[BlackElo "2192"]
[WhiteFideId "1159569"]
[BlackFideId "1123009"]
[EventDate "2020.06.21"]

1. e4 g6 2. d4 Bg7 3. Nc3 c6 4. h3 d5 5. Nf3 dxe4 6. Nxe4 Nd7 7. Bc4 Ngf6 8.
Nxf6+ Nxf6 9. O-O O-O 10. c3 Bf5 11. Re1 Be4 12. Bg5 Bd5 13. Bd3 b5 14. Ne5 Re8
15. Qd2 a5 16. a3 a4 17. Re2 Qb6 18. Rae1 Qc7 19. Qf4 Nh5 20. Qh4 f6 21. Nxg6
hxg6 22. Bxg6 fxg5 23. Qxh5 Kf8 24. Bxe8 Rxe8 25. Qxg5 Qd6 26. h4 Qf6 27. Qg4
Bh6 28. Re5 e6 29. h5 Kf7 30. f3 Rg8 31. Qh3 Rg7 32. Kf2 Bf4 33. R5e2 Bg3+ 34.
Kf1 Bxe1 35. Kxe1 Qf4 36. Kf2 Qg5 37. Re5 Qf4 38. h6 Rh7 39. Qh5+ Ke7 40. Qg6
Qd2+ 41. Re2 Qxh6 42. Qg3 Qf6 43. Qc7+ Kf8 44. Qxh7 Qf5 45. Qh3 Qf6 46. Qg3 Ke7
47. Qe5 1-0

[Event "Women's Speed Chess Q4"]
[Site "chess.com INT"]
[Date "2020.06.21"]
[Round "4"]
[White "Hoang, Thi Bao Tram"]
[Black "Vantika, Agrawal"]
[Result "1-0"]
[WhiteTitle "WGM"]
[BlackTitle "WIM"]
[WhiteElo "2288"]
[BlackElo "2286"]
[WhiteFideId "12401102"]
[BlackFideId "25050389"]
[EventDate "2020.06.21"]

1. d4 Nf6 2. c3 g6 3. Nd2 Bg7 4. e4 d6 5. Bc4 O-O 6. Ngf3 c5 7. O-O cxd4 8. cxd4
Nc6 9. Bb3 e5 10. dxe5 dxe5 11. h3 Qe7 12. Qe2 Rd8 13. a3 Be6 14. Ba4 Nd4 15.
Nxd4 Rxd4 16. Bc2 Rc8 17. Bb1 Nh5 18. Nf3 Bc4 19. Qc2 Rdd8 20. Re1 Nf4 21. Be3
Be2 22. Qb3 Bxf3 23. Bxf4 exf4 24. Qxf3 Bxb2 25. Ra2 Be5 26. Rc2 Kg7 27. Qb3
Rxc2 28. Bxc2 Qc5 29. Bb1 Rd2 30. Rf1 b5 31. Ba2 Rd7 32. Rd1 Rxd1+ 33. Qxd1 Qxa3
34. Qd5 Qc1+ 35. Kh2 Qc7 36. Qxb5 f3+ 37. g3 Qc2 38. Qxe5+ Kh6 39. Qf4+ Kg7 40.
Qxf7+ Kh6 41. Qf4+ Kg7 42. Qf7+ Kh6 43. Qxa7 Qe2 44. Qe3+ Qxe3 45. fxe3 Kg7 46.
g4 Kf6 47. Kg3 Ke5 48. Kxf3 g5 49. Bd5 h6 50. Bc6 Kf6 51. Bd5 Ke5 52. Ke2 Kf6
53. Kd3 Ke5 54. Bc6 Kd6 1-0

[Event "Women's Speed Chess Q4"]
[Site "chess.com INT"]
[Date "2020.06.21"]
[Round "4"]
[White "Vifleemskaia, Svetlana"]
[Black "Tarleva, Vira"]
[Result "0-1"]
[WhiteTitle "WFM"]
[BlackTitle "WFM"]
[WhiteElo "1943"]
[BlackElo "2030"]
[WhiteFideId "4129490"]
[BlackFideId "14116693"]
[EventDate "2020.06.21"]

1. d4 d5 2. c4 c6 3. cxd5 cxd5 4. Bf4 Nf6 5. e3 Nc6 6. Nc3 a6 7. Bd3 e6 8. Rc1
Bd6 9. Bxd6 Qxd6 10. f4 b5 11. Nf3 O-O 12. O-O Na5 13. b3 Bb7 14. Ne5 Rac8 15.
Bb1 Nd7 16. Qd2 Nxe5 17. fxe5 Qb4 18. Qd3 g6 19. Ne2 Nc6 20. h4 a5 21. h5 Kg7
22. Nf4 Ne7 23. Ne2 a4 24. g4 axb3 25. axb3 Rxc1 26. Rxc1 Rc8 27. Rxc8 Bxc8 28.
Kf2 Qa5 29. Qc3 b4 30. Qc5 Qxc5 31. dxc5 Nc6 32. Nd4 Nxe5 33. Kg3 gxh5 34. gxh5
Kh6 35. Kf4 f6 36. c6 Nf7 37. Nc2 e5+ 38. Kf3 Bf5 39. Nxb4 Bxb1 40. Nxd5 Nd6 41.
Nxf6 Kg5 42. Nxh7+ Kxh5 43. Nf6+ Kg5 44. Nd7 Be4+ 45. Ke2 Kf5 46. c7 Nc8 47. b4
Bc6 48. Nc5 Bb5+ 49. Kf3 Bc6+ 50. e4+ Kf6 51. Kg4 Nb6 52. Kf3 Ke7 53. Kg4 Kd6
54. Kf5 Nc4 55. c8=Q Ne3+ 0-1

[Event "Women's Speed Chess Q4"]
[Site "chess.com INT"]
[Date "2020.06.21"]
[Round "4"]
[White "Vidruska, Renate"]
[Black "Smietanska, Wiktoria"]
[Result "1-0"]
[WhiteTitle "WFM"]
[BlackTitle "CM"]
[WhiteElo "2045"]
[BlackElo "1593"]
[WhiteFideId "11601841"]
[BlackFideId "21869359"]
[EventDate "2020.06.21"]

1. e4 c5 2. Nf3 d6 3. d4 cxd4 4. Nxd4 Nf6 5. Nc3 a6 6. h3 e5 7. Nde2 h5 8. Bg5
Be7 9. Qd2 Be6 10. O-O-O Nbd7 11. Ng3 g6 12. Kb1 b5 13. f4 Nb6 14. fxe5 dxe5 15.
Qf2 Nbd7 16. Be2 Nxe4 17. Ngxe4 Bxg5 18. Nd6+ Kf8 19. Rhf1 f5 20. Bf3 Rb8 21.
Qa7 Qb6 22. Qxb6 Rxb6 23. g4 hxg4 24. hxg4 f4 25. Nce4 Be7 26. Nc8 Rb8 27. Nxe7
Kxe7 28. Ng5 Nc5 29. Rfe1 Kf6 30. Nxe6 Nxe6 31. Rd6 Rbd8 32. Rxa6 Rd2 33. Be4
Rhd8 34. a4 Rd1+ 35. Rxd1 Rxd1+ 36. Ka2 Rd4 37. Bxg6 Rxa4+ 38. Rxa4 bxa4 39. Be4
Nc5 40. Bd5 e4 41. b4 axb3+ 42. cxb3 f3 43. b4 f2 44. Bc4 Nd3 45. b5 f1=Q 46.
Kb3 Qb1+ 47. Kc3 Nc5 48. Kd4 Qb2+ 49. Kxc5 e3 50. b6 Ke5 51. Kc6 Kf6 52. Bb5 Ke5
53. b7 Qxb5+ 54. Kxb5 e2 55. b8=Q+ 1-0

[Event "Women's Speed Chess Q4"]
[Site "chess.com INT"]
[Date "2020.06.21"]
[Round "4"]
[White "Mamedjarova, Zeinab"]
[Black "Batsiashvili, Nino"]
[Result "0-1"]
[WhiteTitle "WGM"]
[BlackTitle "GM"]
[WhiteElo "2274"]
[BlackElo "2457"]
[WhiteFideId "13401521"]
[BlackFideId "13602993"]
[EventDate "2020.06.21"]

1. d4 d5 2. c4 e6 3. Nf3 Nf6 4. Qc2 Be7 5. Bg5 h6 6. Bxf6 Bxf6 7. e3 c5 8. cxd5
cxd4 9. Nxd4 exd5 10. Bb5+ Bd7 11. Bxd7+ Qxd7 12. O-O Nc6 13. Nf3 O-O 14. Nc3
Rad8 15. Rfd1 Qe6 16. Ne2 Qe4 17. Qb3 Qc4 18. Ned4 Qxb3 19. axb3 Nxd4 20. Nxd4
a6 21. Rac1 Rc8 22. Rc3 Rfd8 23. Kf1 Kf8 24. Ke2 g6 25. Kd3 h5 26. Rdc1 Rb8 27.
g3 Re8 28. Rc5 Red8 29. Rc7 Be5 30. R7c5 Ke7 31. b4 h4 32. b5 axb5 33. Rxb5 h3
34. Rcc5 Bd6 35. Rxd5 Rdc8 36. Rb3 Rc1 37. Nf3 Rd1+ 38. Nd2 Rh1 39. Nf3 b6 40.
Rdb5 Bc7 41. Rc3 Rd8+ 42. Ke2 Rd7 43. Rb4 Rb1 44. Re4+ Kf8 45. Rc2 Bd8 46. b4
Be7 47. Rd4 Rxd4 48. exd4 Rxb4 49. Ng1 Rxd4 50. Nxh3 b5 51. Nf4 b4 52. Rc8+ Rd8
53. Rb8 Rxb8 0-1

[Event "Women's Speed Chess Q4"]
[Site "chess.com INT"]
[Date "2020.06.21"]
[Round "4"]
[White "Gokbulut, Julia"]
[Black "Khalafova, Narmin"]
[Result "0-1"]
[WhiteTitle "WFM"]
[BlackTitle "WGM"]
[WhiteElo "1970"]
[BlackElo "2279"]
[WhiteFideId "4153979"]
[BlackFideId "13402625"]
[EventDate "2020.06.21"]

1. d4 g6 2. c4 Bg7 3. Nc3 d6 4. e4 e5 5. d5 Ne7 6. h4 O-O 7. h5 f5 8. hxg6 hxg6
9. Bh6 f4 10. Bxg7 Kxg7 11. Nf3 Nd7 12. Be2 Nf6 13. Ng5 Rh8 14. Kd2 c6 15. Rxh8
Qxh8 16. Qh1 cxd5 17. Qxh8+ Kxh8 18. Nf7+ Kg7 19. Nxd6 d4 20. Nd5 Nc6 21. Nxf6
Kxf6 22. Nxc8 Rxc8 23. Rh1 Kg7 24. b3 a5 25. Bg4 Rc7 26. a4 Nb4 27. g3 fxg3 28.
fxg3 Rf7 29. Ke2 Na6 30. Be6 Rf6 31. Bd5 Nc5 32. Rb1 g5 33. b4 Nxa4 34. Rb3 Nc3+
35. Ke1 a4 36. Ra3 b6 37. c5 bxc5 38. bxc5 Kf8 39. c6 Ke7 40. Kd2 Kd6 41. Ra1
Nxd5 42. exd5 Kxd5 43. c7 Rf8 44. Rxa4 Rc8 45. Ra5+ Kd6 46. Ra6+ Kd7 47. Rg6
Rxc7 48. Rxg5 Ke6 49. Kd3 Rc3+ 50. Kd2 Ra3 51. g4 e4 52. Rg8 Ra2+ 53. Ke1 Ke5
54. g5 d3 55. g6 e3 56. g7 Ra1# 0-1

[Event "Women's Speed Chess Q4"]
[Site "chess.com INT"]
[Date "2020.06.21"]
[Round "4"]
[White "Belenkaya, Dina"]
[Black "Andriasyan, Siranush"]
[Result "0-1"]
[WhiteTitle "WGM"]
[BlackTitle "WIM"]
[WhiteElo "2297"]
[BlackElo "2298"]
[WhiteFideId "24142654"]
[BlackFideId "13301926"]
[EventDate "2020.06.21"]

1. e4 e5 2. Nf3 Nc6 3. d4 exd4 4. Nxd4 Nf6 5. Nxc6 bxc6 6. Bd3 Bb4+ 7. c3 Bc5 8.
O-O d6 9. Nd2 Ng4 10. h3 Ne5 11. Be2 O-O 12. Nf3 Nxf3+ 13. Bxf3 Qf6 14. Re1 Re8
15. Be3 Bxe3 16. Rxe3 Rb8 17. Qd2 Qg6 18. Kh2 Ba6 19. b3 Qf6 20. Rae1 Re5 21. g3
c5 22. Bd1 Rbe8 23. f4 R5e7 24. Qd5 c6 25. Qd2 g6 26. h4 Bc8 27. e5 dxe5 28.
fxe5 Qf5 29. Bc2 Qh3+ 30. Kg1 Be6 31. Qf2 Bd5 32. Qh2 Qg4 33. Bd1 Qf5 34. Rf1
Qd7 35. c4 Be6 36. Bf3 Qd4 37. Qf2 Bf5 38. Rfe1 Rxe5 39. Rxe5 Rxe5 40. Qxd4
Rxe1+ 41. Kf2 cxd4 42. Kxe1 c5 43. Kd2 Bb1 44. a3 a5 45. Bd1 Bf5 46. g4 Be4 47.
Be2 f5 48. g5 f4 49. Bg4 Kg7 50. Bh3 Kf7 51. Bg4 Ke7 52. Bh3 Kd6 53. Bc8 Ke5 54.
Bd7 f3 55. Bh3 Kf4 0-1